[Event "Oulainen We Shakkilaakso"]
[Site "Oulainen"]
[Date "2008.??.??"]
[Round "5"]
[White "Valli, Frans"]
[Black "Lauronen, Tapio"]
[Result "1-0"]
[WhiteElo "2170"]
[BlackElo "2160"]
[PlyCount "59"]
[EventDate "2008.??.??"]
[EventType "swiss"]
[EventRounds "5"]
[EventCountry "FIN"]
[SourceTitle "EXT 2010"]
[Source "ChessBase"]
[SourceDate "2010.11.25"]
[SourceVersion "1"]
[SourceVersionDate "2010.11.25"]
[SourceQuality "1"]

1. Nf3 d5 2. c4 e6 3. d4 dxc4 4. e4 c5 5. Bxc4 Nf6 6. Nc3 cxd4 7. Qxd4 Qxd4 8. Nxd4 a6 9. Bf4 b5 10. Bb3 Bc5 11. 0-0-0 Bb7 12. f3 Ke7 13. Bg5 Rd8 14. Nce2 Nbd7 15. a4 h6 16. Bh4 g5 17. Bf2 Rdc8 18. Kb1 bxa4 19. Bxa4 Nb6 20. Bb3 a5 21. h4 a4 22. Ba2 Nxe4 23. fxe4 Bxe4+ 24. Ka1 e5 25. Ng3 Bxd4 26. Bxd4 Bxg2 27. Rhe1 gxh4 28. Bxe5 hxg3 29. Bg7+ Be4 30. Rxe4# 1-0